El Contrato social

שמור ב:
מידע ביבליוגרפי
מחבר ראשי: Rousseau, Juan Jacobo
פורמט: ספר
שפה:Undetermined
יצא לאור: San José, Costa Rica EDUCA 1983
נושאים:
תגים: הוספת תג
אין תגיות, היה/י הראשונ/ה לתייג את הרשומה!

MARC

LEADER 00000nam a2200000Ia 4500
008 170316s9999 xx 000 0 und d
090 |a 100 R-41co 
100 |a Rousseau, Juan Jacobo 
245 |a El Contrato social 
260 |a San José, Costa Rica 
260 |b EDUCA 
260 |c 1983 
300 |a 174 páginas 
650 |a FILOSOFÍA 
650 |a FILOSOFÍA FRANCESA 
999 |c 17477  |d 17477 
040 |a cru BVZT 
942 |c 15 D  |h 100 R-41co  |2 z